00549nam a22001577a 4500003000200000005001700002008004100019020002200060050002600082100003500108245007800143260007200221300002900293504004200322650002700364020231106140136.0231106b xxu||||| |||| 00| 0 eng d a978-971-9654-57-5 aLB 2369 b.Se47 2021 aSerrano, Angelita Ong Camilar  aPractical research 1 : qualitative researchcAngelita Ong Camilar Serrano aManilabUnlimited Books Library Services & Publishing Inc. cc2021. ax, 238 pages ; c25 cm.  aIncludes bibliographical references.  aQualitative research.